Paroles - Les Bourgeois - Jacques Brel - Statistiques

Statistiques générales
  • Ce quiz a été pris 242 fois
  • Le résultat moyen est 259 sur 327
Statistiques - réponses
Paroles % Correct
l'
100%
Le
99%
le
99%
Les
99%
les
99%
de
98%
De
98%
bourgeois
96%
ça
96%
c'est
96%
comme
96%
plus
96%
Plus
96%
devient
95%
vieux
95%
bête
93%
cochons
93%
j'
91%
Et
90%
et
90%
la
90%
je
85%
On
82%
on
82%
En
81%
en
81%
au
80%
Au
80%
leur
80%
moi
80%
Moi
80%
qui
80%
Qui
80%
Avec
79%
avec
79%
se
78%
nos
77%
Pierre
77%
chantant
76%
des
76%
Jojo
75%
pour
75%
ami
74%
cul
74%
me
73%
Casanova
72%
dans
72%
Monsieur
72%
notaires
72%
notre
72%
nous
72%
Voltaire
72%
fier
71%
pas
71%
bien
70%
Commissaire
70%
commissaire
70%
que
70%
Que
70%
bière
69%
bonnes
69%
manières
69%
minuit
69%
quand
69%
vers
69%
ans
66%
chaud
66%
coeur
66%
maître
66%
montrait
66%
suis
66%
vingt
66%
yeux
66%
Chez
64%
chez
64%
prenait
64%
prenais
63%
Trois
63%
un
63%
ils
61%
étais
60%
grosse
60%
hôtel
59%
sortant
59%
derrière
57%
jeunes
57%
resté
57%
sortaient
57%
Adrienne
55%
allait
55%
encore
55%
n'osait
55%
Entre
54%
Faisans
54%
parle
54%
l'hôtel
53%
passaient
53%
temps
53%
boire
52%
montrent
52%
passe
50%
bar
47%
Disent
47%
Montalant
47%
restait
46%
sur
46%
repos
45%
vicaire
43%
aussi
42%
saoul
42%
terre
42%
peigne-culs
40%
dansait
39%
tous
37%
brûler
36%
presque
36%
soirs
35%
Aucun quiz correspondant
Distribution des résultats
% des personnes avec chaque résultat
Percentile par nombre de réponses
Votre historique - résultats
Vous n’avez pas pris ce quiz